[Event "USA-ch"]
[Site "Seattle"]
[Date "2003.01.10"]
[Round "2"]
[White "Donaldson, John W"]
[Black "Stripunsky, Alexander"]
[Result "0-1"]
[WhiteElo "2399"]
[BlackElo "2554"]
[Annotator "Huebner,R"]
[PlyCount "66"]
[EventDate "2003.01.09"]
[EventType "swiss"]
[EventRounds "9"]
[EventCountry "USA"]
[SourceTitle "CBM 093"]
[Source "ChessBase"]
[SourceDate "2003.04.01"]
[SourceVersion "1"]
[SourceVersionDate "2003.04.01"]
[SourceQuality "1"]

1. Nf3 d5 2. d4 c6 3. c4 Nf6 4. cxd5 cxd5 5. Nc3 Nc6 6. Bf4 a6 7. Rc1 h6 8. Ne5
e6 9. e3 Nxe5 10. Bxe5 Bd7 11. Bd3 Be7 12. O-O Rc8 $6 {Jetzt bleibt der Bauer
auf a6 ohne Deckung. Solider ist} (12... O-O) 13. Qb3 b5 14. a4 b4 15. Bxa6 $1
{Dieser Einschlag ist vielversprechend für Weiß: er bekommt zwei verbundene
Freibauern, die recht weit vorrücken, während Schwarz seine Entwicklung
vollendet.} (15. Bxf6 gxf6 16. Bxa6 bxc3 17. Bxc8 Bxc8 18. Rxc3 {ist auch sehr
aussichtsreich.}) (15. Ne2 Rxc1 16. Rxc1 Qa5 {ist weniger klar.}) 15... bxc3
16. Bxc8 Bxc8 17. Qxc3 O-O 18. Bxf6 Bxf6 19. b4 Qe8 20. b5 e5 21. dxe5 Bxe5 22.
Qc6 Qe7 23. a5 Bf5 24. Qxd5 Be4 25. Qc4 Re8 26. f4 $2 (26. f3 Bg6 ({Nach} 26...
Qh4 27. h3 Qg3 28. fxe4 Qh2+ 29. Kf2 Qg3+ 30. Ke2 {gewinnt Weiß mühelos.}) 27.
a6 {führt zum Sieg.}) 26... Bb2 27. Rcd1 Qa3 28. Kh1 ({Nach} 28. a6 Qxe3+ 29.
Kh1 Bf6 30. Qa2 Qc5 31. Rfe1 Qf5 32. b6 Qxf4 33. Rf1 Qg4 {entsteht eine
äußerst scharfe, schwer einzuschätzende Stellung. Der Textzug ist sicherer.})
28... Qxa5 ({Auf} 28... Qxe3 {kann nun} 29. Rde1 Bxg2+ 30. Kxg2 Qd2+ 31. Kf3
Rxe1 32. Rxe1 Qxe1 33. Qc8+ Kh7 34. Qc2+ g6 35. Qxb2 {mit Gewinnstellung für
Weiß folgen.}) 29. Rd7 Kh7 30. Rxf7 $2 (30. f5 Qa8 31. Rd2 Bf6 32. Qxf7 Re5 {
führt zum Ausgleich.}) 30... Qd2 $19 31. Rg1 Qxe3 32. Rd7 Qxf4 33. Qf1 Qh4 0-1

[Event "New York op"]
[Site "New York"]
[Date "1998.03.22"]
[Round "9"]
[White "Fedorowicz, John P"]
[Black "Bologan, Viktor"]
[Result "1/2-1/2"]
[WhiteElo "2495"]
[BlackElo "2580"]
[Annotator "Huebner,R"]
[PlyCount "120"]
[EventDate "1998.03.16"]
[EventType "swiss"]
[EventRounds "9"]
[EventCountry "USA"]
[SourceTitle "CBM 064"]
[Source "ChessBase"]
[SourceDate "1998.06.02"]
[SourceVersion "1"]
[SourceVersionDate "1998.06.02"]
[SourceQuality "1"]

1. d4 d5 2. c4 c6 3. cxd5 cxd5 4. Nf3 Nc6 5. Nc3 Nf6 6. Bf4 a6 7. e3 Bg4 8. h3
Bxf3 9. Qxf3 e6 10. Bd3 Bd6 11. Bg5 Be7 12. Bxf6 Bxf6 13. O-O O-O 14. Rac1 Qd6
15. Qe2 e5 16. dxe5 Qxe5 17. e4 dxe4 18. Qxe4 Qh5 19. Rfe1 g6 20. Qe2 Qa5 21.
Bc4 Rad8 22. Ne4 Bg7 23. Red1 Nd4 24. Qe1 Qb6 25. Ng5 Bf6 26. Ne4 Be5 27. Qe3
Kg7 28. Kh1 Rfe8 29. Re1 Bb8 30. Qc3 Qc7 31. g3 Qc6 32. Bf1 Qd5 33. Bg2 b6 34.
f4 Qa5 35. b4 Qxa2 36. Re3 a5 37. Rd3 axb4 38. Qxb4 Ne2 39. Rxd8 Rxd8 40. Qxb6
Rf8 41. Qf6+ Kg8 42. Ra1 Qb3 43. Qh4 Qb2 44. Re1 Rc8 45. Kh2 Kg7 46. f5 Nxg3 $2
{Dies ist nicht korrekt.} 47. Nxg3 Rc2 48. Kh1 Bxg3 (48... Rxg2 49. f6+ {
führt in den Orkus.}) 49. Qxg3 Rc1 {Schwarz kann den Abtausch des f-Bauern
nicht erzwingen:} (49... Rf2 50. Bf3 {oder}) (49... Rc5 50. Rf1) 50. f6+ $18
Kg8 (50... Kxf6 51. Qf4+ Kg7 52. Rxc1 $18) 51. Rxc1 Qxc1+ 52. Kh2 Qb2 53. Qd6
h5 54. h4 Qf2 55. Kh3 Qf5+ 56. Kh2 Qg4 57. Qg3 Qd4 58. Qg5 Kh7 59. Bd5 Qf2+ 60.
Bg2 (60. Kh3 $142 {Die Stellung sollte für Weiß mühelos gewonnen sein. Schwarz
hat augenblicklich nur Damenzüge, so daß er das Vordringen des gegnerischen
Königs ins Zentrum nicht verhindern kann.}) 60... Qd4 1/2-1/2

[Event "EU-ch 2nd"]
[Site "Ohrid"]
[Date "2001.06.05"]
[Round "5"]
[White "Van Wely, Loek"]
[Black "Anastasian, Ashot"]
[Result "1-0"]
[WhiteElo "2670"]
[BlackElo "2574"]
[Annotator "Huebner,R"]
[PlyCount "41"]
[EventDate "2001.06.01"]
[EventType "swiss"]
[EventRounds "13"]
[EventCountry "YUG"]
[SourceTitle "CBM 084"]
[Source "ChessBase"]
[SourceDate "2001.09.13"]
[SourceVersion "1"]
[SourceVersionDate "2001.09.13"]
[SourceQuality "1"]

1. d4 d5 2. c4 c6 3. Nc3 Nf6 4. Nf3 a6 5. cxd5 cxd5 6. Bg5 Nc6 7. e3 e6 8. Bd3
Be7 9. O-O O-O 10. Rc1 Bd7 11. Ne5 Rc8 12. f4 h6 13. Bxf6 Bxf6 14. Qh5 Nxe5 15.
dxe5 Be7 16. Rf3 f5 17. exf6 Rxf6 18. Rg3 Bb4 19. Bb1 Be8 20. Qd1 Qb6 $2 {
Das ist nicht das Genaueste. Nach} (20... Bc5 21. Qd3 g6 {braucht Schwarz
keineswegs zu verzweifeln.}) 21. Nxd5 1-0

[Event "Villa Gesell"]
[Site "Villa Gesell"]
[Date "1996.??.??"]
[Round "4"]
[White "Garcia Palermo, Carlos H"]
[Black "Sorokin, Maxim"]
[Result "1-0"]
[WhiteElo "2490"]
[BlackElo "2560"]
[Annotator "Huebner,R"]
[PlyCount "113"]
[EventDate "1996.03.??"]
[EventType "tourn"]
[EventRounds "11"]
[EventCountry "ARG"]
[EventCategory "11"]
[SourceTitle "CBM 052"]
[Source "ChessBase"]
[SourceDate "1996.06.01"]
[SourceVersion "1"]
[SourceVersionDate "1996.06.01"]
[SourceQuality "1"]

1. d4 d5 2. c4 e6 3. Nf3 Nf6 4. Nc3 c6 5. cxd5 cxd5 6. Bf4 Nc6 7. e3 Bd6 8. Bd3
Bxf4 9. exf4 Bd7 10. a3 O-O 11. O-O Ne8 12. f5 Nd6 13. Qd2 Qf6 14. fxe6 fxe6 (
14... Bxe6 $5 15. Ng5 $140 g6 (15... Qxd4 16. Ne2 $16) 16. Nxe6 fxe6 {, und
Weiß hat Schwierigkeiten mit der Deckung von d4.}) 15. Rae1 Qf4 16. Re3 Qh6 17.
Rd1 {Weiß wehrt die Drohung 17...Tf3: auf diese Weise ab.} Rf7 $6 (17... Be8
$142 $5 {mit der Absicht, 18...Lh5 folgen zu lassen. 18.De2 wird mit 18...Tf6
pariert. Der Turm steht auf f7 ungünstig.}) 18. Nb5 $1 Ne8 (18... Nxb5 19. Bxb5
{ist fatal für Schwarz, weil er die Kontrolle über das Feld e5 verliert.}) (
18... Nf5 19. Bxf5 Rxf5 (19... exf5 20. Ng5 (20. Nc3 f4 {gefolgt von 21...Lg4
ist nicht empfehlenswert für Weiß.}) (20. Nc7 f4 21. Rc3 Rd8 {verspricht dem
Schwarzen Gegenspiel:} 22. Ne5 Nxe5 23. dxe5 {scheitert an} Bc6 {, und auf 22.
Sd5: folgt 22...Lg4.}) 20... Re7 (20... Qxg5 21. Re8+ Rxe8 22. Qxg5 Rfe7 23. h4
{bietet dem Schwarzen keine Rettunsgsaussichten.}) 21. Rh3 Qg6 22. Rxh7 (22.
Nc7 Rd8 (22... f4 23. Nxa8 Qxg5 (23... Bxh3 24. Nxh3) 24. Rc3 {ist
hoffnungslos für Schwarz.}) 23. Nxd5 Ree8 24. Nxh7 {führt ebenfalls zum Gewinn
für Weiß.}) 22... Rae8 23. h4 f4 24. Qxf4 Bf5 25. Nd6 Rf8 26. g4 {führt zum
Gewinn für Weiß.}) 20. Nd6 Rf4 21. Nxb7 {nebst 22.Sc5 ist hoffnungslos für
Schwarz.}) 19. Ne5 $1 {Danach kann der Springer auf e8 keine guten Felder mehr
finden.} Nxe5 20. dxe5 Bxb5 {Schwarz darf nicht erlauben, daß sich dieser
Springer auf d4 festsetzt.} 21. Bxb5 g6 (21... Rc7 $5) 22. g3 Ng7 $6 (22... Rc7
$5 {Schwarz sollte um die c-Linie kämpfen. Nach} 23. Rc1 Qf8 24. Bxe8 Rxc1+ 25.
Qxc1 Rxe8 26. Rc3 Qf7 {ist er wenigstens seines schlechten Springers ledig und
hat gute Rettungsaussichten. Weiß sollte anders fortfahren, aber auch dann hat
Schwarz nach Dh6-f8 und Ta8-c8 bessere Aussichten als nach der Partiefolge.})
23. Rc3 Qxd2 24. Rxd2 Raf8 25. Kg2 Nf5 26. h4 h6 27. Be2 Kg7 28. Bg4 Rd7 29.
Rc5 h5 $2 (29... Kf7 {mußte versucht werden. Nach} 30. Bd1 {ist jetzt die
Antwort} g5 {spielbar.}) 30. Bd1 Rdf7 31. a4 Ne7 32. a5 Rc8 33. Rxc8 Nxc8 34.
Rc2 Ne7 35. f4 Nc6 36. Rc5 Nb4 37. Be2 a6 38. Kf2 Rd7 39. Ke3 Kf7 40. Kd2 Nc6
41. Bxa6 $18 Nd4 (41... Nxe5 42. Bb5 Nc4+ (42... Nc6 43. Bxc6 bxc6 44. Rxc6 $18
) 43. Kc3 $18) 42. Kd3 Nf5 43. Bb5 Re7 44. b4 Nxg3 45. Ba4 Nf5 46. b5 Nxh4 47.
b6 Nf5 48. a6 bxa6 49. Bc6 Nh4 50. b7 Rxb7 51. Bxb7 Ng2 52. Rc7+ Kf8 53. f5
gxf5 54. Bc8 h4 55. Kd2 Nf4 56. Rh7 h3 57. Rh4 1-0

[Event "RUS-Cup03 Geller Memorial"]
[Site "Moscow"]
[Date "1999.02.07"]
[Round "6"]
[White "Riazantsev, Alexander"]
[Black "Burmakin, Vladimir"]
[Result "1/2-1/2"]
[WhiteElo "2387"]
[BlackElo "2534"]
[Annotator "Huebner,R"]
[PlyCount "128"]
[EventDate "1999.02.10"]
[EventType "swiss"]
[EventRounds "9"]
[EventCountry "RUS"]
[SourceTitle "CBM 070"]
[Source "ChessBase"]
[SourceDate "1999.06.08"]
[SourceVersion "1"]
[SourceVersionDate "1999.06.08"]
[SourceQuality "1"]

1. d4 d5 2. c4 c6 3. cxd5 cxd5 4. Nf3 Nf6 5. Nc3 a6 6. Bf4 e6 7. e3 Bd6 8. Bxd6
Qxd6 9. Bd3 b5 10. O-O Bb7 11. Qe2 O-O 12. Rac1 Nbd7 13. Rc2 Nb6 14. Rfc1 Rfc8
15. Nb1 Nc4 16. b3 Nb6 17. Rxc8+ Rxc8 18. Rxc8+ Bxc8 19. Qc2 b4 20. Ne5 Bb7 21.
Nd2 h6 22. h3 Nfd7 23. Ndf3 Nf8 24. Be2 f6 25. Nd3 Nbd7 26. Nb2 e5 27. Qd2 Ne6
$6 (27... e4 28. Ne1 (28. Nh4 g6) 28... a5 {führt zum Ausgleich.}) 28. Nh4 e4
$2 ({Nach} 28... a5 {hatte Schwarz noch nichts zu befürchten.}) 29. Nf5 Qf8 30.
Bg4 Kf7 31. Nxg7 $1 {Weiß unternimmt einen gefährlichen Gewinnversuch.} Qxg7
32. Qxb4 Bc8 33. Qd6 $6 {Aber dies ist nicht das Stärkste. Richtig war} (33.
Nc4 dxc4 34. Bxe6+ Kxe6 35. Qxc4+ Ke7 36. Qxc8 {mit ausgezeichneten
Gewinnaussichten.}) 33... Ndf8 $2 ({Nötig war} 33... f5 34. Bh5+ (34. Bxf5 Nf6
$11) 34... Kf6 35. Qxd5 Nb6 36. Qd6 (36. Qe5+ Kg5) 36... Qc7 $11) 34. Qxd5 Kg8
35. Qxe4 Qf7 36. Nc4 Bb7 37. Bxe6 Nxe6 38. Qg4+ Ng7 39. Nd6 Qd5 40. Ne8 Qf7 41.
Qxg7+ $2 (41. Nd6 Qd5 42. Nxb7 Qxb7 43. Qg6 $18) 41... Qxg7 42. Nxg7 Kxg7 43.
g4 Kf7 44. Kh2 Be4 45. Kg3 Bb1 46. a3 Bc2 47. b4 Ke6 48. Kf4 Kd5 49. f3 Kc4 50.
e4 Kxd4 51. Kf5 Ke3 52. Kxf6 Kxf3 53. e5 Kg3 54. e6 Ba4 55. g5 hxg5 56. Kxg5
Kxh3 57. e7 Kg3 58. Kf5 Be8 59. Ke5 Kg4 60. Kd6 Kf5 61. Kc5 Ke6 62. Kb6 Kxe7
63. Kxa6 Kd6 64. b5 Bxb5+ 1/2-1/2

[Event "CRO-ch 6th"]
[Site "Pula"]
[Date "1998.01.20"]
[Round "11"]
[White "Nikolac, Juraj"]
[Black "Rogic, Davor"]
[Result "0-1"]
[WhiteElo "2435"]
[BlackElo "2445"]
[Annotator "Huebner,R"]
[PlyCount "62"]
[EventDate "1998.01.09"]
[EventType "tourn"]
[EventRounds "13"]
[EventCountry "CRO"]
[EventCategory "9"]
[SourceTitle "CBM 064"]
[Source "ChessBase"]
[SourceDate "1998.06.02"]
[SourceVersion "1"]
[SourceVersionDate "1998.06.02"]
[SourceQuality "1"]

1. d4 d5 2. c4 c6 3. Nc3 Nf6 4. cxd5 cxd5 5. Bf4 Nc6 6. e3 a6 7. Bd3 e6 8. Nf3
Be7 9. O-O O-O 10. Rc1 Nh5 11. Be5 f6 12. Bf4 $6 (12. Bg3 {ist solider.}) 12...
Nxf4 13. exf4 Bd6 14. g3 g5 {Dies ist eine interessante Idee.} 15. Ne2 ({Nach} 
15. fxg5 fxg5 {hat Weiß keine wirksame Möglichkeit, die Fortsetzung Dd8-f6 zu
entkräften; der wird seinen d-Bauern verlieren.}) 15... Kh8 16. Qd2 Rg8 17. Qe3
$6 {Der Textzug leistet nichts; die Dame steht auf e3 nicht gut. Weiß sollte
sich nach anderen Plänen umsehen.} (17. fxg5 e5 (17... fxg5 18. Bb1 (18. Qe3
Qf6 {nebst Lc8-d7 führt zu ähnlichen Bildern.}) 18... Qf6 19. Qd3 Rg7 20. a3
Bd7 21. Kg2 {mit etwa ausgeglichenem Spiel.}) 18. dxe5 fxe5 19. g6 Rg7 (19...
e4 20. Ng5 {sieht ungesund für Schwarz aus.}) 20. Bc2 {führt zu einer unklaren
Stellung.}) (17. a3 {ist stets ein nützlicher Zug; Tf1-e1 und Ld3-b1-a2 (mit
Druck gegen d5 zur Verhinderung von e6-e5) wird vorbereitet.}) (17. Bb1 {
kommt ebenfalls in Betracht.}) 17... Bd7 18. Bb1 gxf4 19. Nxf4 Qe7 20. Rfe1
Rae8 21. Re2 $2 {Dies leistet nichts zur Verhinderung von e6-e5; der Turm ist
im Gegenteil auf e2 Angriffen ausgesetzt.} (21. a3 Qf7 22. Ba2 {kam in
Betracht, wenn Schwarz auch nach} Rg4 {einen unangenehmen Druck entwickeln
kann.}) 21... Qf7 22. Rce1 $2 e5 $19 23. dxe5 (23. Ng2 Bg4 $19) 23... fxe5 24.
Ng2 e4 25. Qc3+ Rg7 26. Ng5 Qf8 ({Auch} 26... Qg8 {führt sofort zum Gewinn.})
27. a3 Be5 28. Qd2 Nd4 29. f4 Rxg5 30. Rf2 Nf3+ 31. Rxf3 exf3 0-1

[Event "NED-ch54"]
[Site "Rotterdam "]
[Date "1999.06.08"]
[Round "9"]
[White "Van der Sterren, Paul"]
[Black "Piket, Jeroen"]
[Result "0-1"]
[WhiteElo "2535"]
[BlackElo "2619"]
[Annotator "Huebner,R"]
[PlyCount "56"]
[EventDate "1999.05.29"]
[EventType "tourn"]
[EventRounds "11"]
[EventCountry "NED"]
[EventCategory "12"]
[SourceTitle "CBM 072"]
[Source "ChessBase"]
[SourceDate "1999.10.01"]
[SourceVersion "1"]
[SourceVersionDate "1999.10.01"]
[SourceQuality "1"]

1. Nf3 {Piket} Nf6 2. c4 c6 3. Nc3 d5 4. cxd5 cxd5 5. d4 Nc6 6. Bf4 a6 7. Rc1
Bf5 8. e3 Rc8 9. Ne5 e6 (9... Nxe5 {Piket} 10. dxe5 $5 (10. Bxe5 e6 11. Qb3 Qd7
$11 (11... Qd7 {Piket} 12. Bxf6 gxf6 13. Be2 Bd6 14. O-O O-O 15. Na4 Rxc1 16.
Rxc1 Rc8 17. Nc5 Qe7 18. Qd1 Rc6 $11)) 10... Ne4 11. Nxe4 Rxc1 12. Qxc1 Bxe4 (
12... dxe4 13. Bc4 (13. a3)) 13. e6 $3 fxe6 14. f3 Bg6 (14... Qa5+ 15. Qd2 (15.
Kf2 Bg6 16. Qc8+) 15... Qxd2+ 16. Kxd2 Bg6 17. Be5 $16) 15. Be5) 10. Qb3 (10.
Be2 Nxe5 11. Bxe5 Nd7 12. O-O Nxe5 13. dxe5 $11 {1-0 Misanovic,V-Madl,I/Porec
1998/EXT 99 (29)}) 10... Nxe5 11. dxe5 $6 {Dies wäre nur sinnvoll, wenn der
Springer des Weißen nach d4 gelangen könnte. Unter den bestehenden Umständen
beschneidet der Zug die Wirkungsmöglichkeiten des Damenläufers und gibt dem
Gegner dynamische Möglichkeiten in Gestalt des Vorstoßes d5-d4 an die Hand.}
Ne4 12. Be2 (12. Qxb7 {Piket} Nc5 $19) 12... g5 {'!' Piket.} 13. Bg3 (13. Qxb7
{Piket} Nxc3 (13... gxf4 14. Bxa6) 14. Bxa6 Rb8 $17) (13. Bxg5 {Piket} Qxg5 (
13... Nxg5 14. Qxb7 Qc7 $15) 14. Qxb7 Rxc3 15. bxc3 Ba3 $1 $17) 13... b5 {
'!' Piket.} (13... Be7 {Piket} 14. O-O Nd2 15. Qa4+ $13) 14. Nxe4 (14. O-O {
scheitert nämlich an} Nd2 (14... Nd2 {Piket} 15. Bxb5+ axb5 16. Qxb5+ Qd7 17.
Rfd1 Qxb5 18. Nxb5 Rxc1 19. Rxc1 Kd8 $17)) 14... Rxc1+ 15. Kd2 Qa5+ {'!' Piket.
} ({Die Fortsetzung} 15... Bxe4 16. Rxc1 Qa5+ (16... Bxg2 $2 17. Bxb5+ $18) 17.
Kd1 Bxg2 18. Rc8+ Kd7 19. Ra8 {birgt für Schwarz offensichtlich große Gefahren.
}) (15... Rxh1 {Piket} 16. Nf6+ Ke7 17. Qb4+) (15... Rc4 $5 {Piket} 16. Nf6+
Ke7 17. Rc1 (17. Qa3+ b4 18. Qxa6 Rc2+ 19. Ke1 Rc1+ (19... Bg7 20. Qb7+ Qc7 21.
Qxb4+ Kd8 (21... Qc5 22. Qb7+ Qc7 23. Qb4+)) (19... Qc7 20. Nxd5+ $1 exd5 21.
Qf6+ Ke8 22. Qxf5) 20. Bd1 (20. Kd2 $11)) 17... Qa5+) 16. Kxc1 Bxe4 {'=/+'
Piket.} 17. f3 Bg6 18. Be1 {'!' Piket.} ({Nach} 18. h4 gxh4 19. Bxh4 Bg7 20. f4
O-O 21. Be1 Rc8+ 22. Kd1 Qb6 {ist Weiß in ernsthaften Schwierigkeiten.}) (18.
Qc3 {Piket} Bb4 (18... Qxc3+ 19. bxc3 Ba3+ $17) 19. Qc8+ Ke7 20. Qxh8 (20. Qb7+
Kf8) 20... Qxa2 $19) 18... Qb6 19. Bd2 Bg7 20. h4 O-O 21. Kd1 (21. hxg5 {Piket}
Rc8+ 22. Kd1 Bc2+) 21... gxh4 22. f4 d4 {'!' Piket.} (22... f6 {bot meines
Erachtens bessere Aussichten auf Vorteil.}) 23. Rxh4 Rc8 24. e4 $2 (24. Bd3 {
war nötig:} dxe3 (24... Qd8 25. Rh3 dxe3 26. Rxe3 Qh4 27. Bxg6 Qg4+ (27... hxg6
28. Rc3 {Weiß dürfte die Stellung halten können.}) 28. Ke1 hxg6 29. g3 {
Auch hier hat Weiß gute Rettungsaussichten.}) 25. Bxg6 Qd8 26. Bxh7+ Kh8 27.
Be4+ Qxh4 28. Qxe3 {Der Vorteil des Schwarzen ist gering.}) (24. Ke1 {Piket} d3
$5 (24... Bc2 25. Qa3 Bf8 26. Rg4+ Kh8 27. Bb4 Bxb4+ 28. Qxb4 d3 29. Qe7 Qd8
30. Qxf7 d2+ 31. Kf2 Rc7) (24... Qc6 25. Bf3 Qc2) 25. Bf3 (25. Bxd3 Qd8) 25...
Rc2 (25... Qc5) (25... a5)) 24... d3 $19 {'!' Piket.} 25. Bxd3 ({Nach} 25. Qxd3
{gewinnt Schwarz mit der Fortsetzung} Rd8 26. Qg3 (26. Qc3 Qg1+ 27. Kc2 Bxe4+
28. Kb3 Qf2) (26. Qf3 Qd4 (26... Qd4 {Piket} 27. Qc3 Qg1+ 28. Kc2 Bxe4+ 29. Kb3
Qf2) (26... Rxd2+ 27. Kxd2 Qd8+)) 26... Qd4 27. Qe1 Qa4+ 28. b3 (28. Kc1 Bxe4)
28... Qxa2) 25... Qg1+ 26. Ke2 Qxg2+ 27. Kd1 Qg3 28. Be1 Rc1+ 0-1

[Event "Hoogovens-B"]
[Site "Wijk aan Zee"]
[Date "1996.01.26"]
[Round "9"]
[White "Gretarsson, Helgi Ass"]
[Black "Delemarre, Jop"]
[Result "0-1"]
[WhiteElo "2450"]
[BlackElo "2325"]
[Annotator "Huebner,R"]
[PlyCount "94"]
[EventDate "1996.01.16"]
[EventType "tourn"]
[EventRounds "11"]
[EventCountry "NED"]
[EventCategory "10"]
[SourceTitle "CBM 052"]
[Source "ChessBase"]
[SourceDate "1996.06.01"]
[SourceVersion "1"]
[SourceVersionDate "1996.06.01"]
[SourceQuality "1"]

1. d4 d5 2. Nf3 Nf6 3. c4 c6 4. Nc3 e6 5. cxd5 cxd5 6. Bf4 Nc6 7. e3 Nh5 8. Be5
Be7 9. Bd3 O-O 10. g4 (10. O-O {gefällt mir besser.}) 10... Nf6 11. Rg1 Qb6 12.
Qe2 Bd7 13. Rg3 $6 (13. g5 $5) 13... Rfc8 14. a3 Be8 15. g5 Nd7 16. Bf4 Nf8 17.
Ne5 Nxe5 18. Bxe5 Ng6 19. Kf1 Nxe5 20. dxe5 g6 21. h4 (21. Rg4 $5) 21... Qb3
22. Qc2 $6 (22. Rg4) 22... Qxc2 23. Bxc2 Rc4 24. Rh3 Rac8 25. Bd3 R4c6 $2 (
25... Rxc3 26. bxc3 Rxc3 $17) 26. e4 $2 (26. Ne2 $5) 26... Rb6 27. exd5 Rxb2
28. Nd1 Rb3 29. d6 Bd8 30. Kg1 Rc5 31. Bf1 (31. f4 Bb6 32. Kh2 Rd5 33. Bf1 Rd2+
34. Kh1 Bc6+ $19) 31... Rxh3 32. Bxh3 Rxe5 33. Ne3 Bc6 34. Bg2 Bxg2 35. Kxg2
Rc5 36. Rb1 b6 37. Rd1 h5 38. Rd3 Kf8 39. Nd1 Ke8 40. Nc3 Rc4 41. Kg3 Kd7 42.
f3 f5 43. gxf6 Bxf6 44. Ne4 Be5+ 45. Kf2 Rd4 46. Rb3 Bxd6 47. Ke3 Ra4 0-1

[Event "Capablanca Memorial Elite 30th"]
[Site "Matanzas"]
[Date "1995.??.??"]
[Round "9"]
[White "Arencibia, Juan Joel"]
[Black "Cifuentes Parada, Roberto"]
[Result "0-1"]
[WhiteElo "2435"]
[BlackElo "2535"]
[Annotator "Huebner,R"]
[PlyCount "52"]
[EventDate "1995.05.??"]
[EventType "tourn"]
[EventRounds "13"]
[EventCountry "CUB"]
[EventCategory "11"]
[SourceTitle "CBM 048"]
[Source "ChessBase"]
[SourceDate "1995.10.01"]
[SourceVersion "1"]
[SourceVersionDate "1995.10.01"]
[SourceQuality "1"]

1. d4 d5 2. Nf3 Nf6 3. c4 c6 4. cxd5 cxd5 5. Nc3 Nc6 6. Bf4 a6 7. e3 Bg4 8. Be2
e6 9. h3 Bxf3 10. Bxf3 Bd6 11. Bxd6 Qxd6 12. O-O O-O 13. Qd2 Rac8 14. Rac1 Rc7
15. Na4 Rfc8 16. Nc5 e5 17. dxe5 $6 {Nach 17.b4 hätte Schwarz natürlich
keinerlei Vorteil.} Nxe5 18. Nb3 (18. Nxb7 Nxf3+ 19. gxf3 Qe6 (19... Qb6 20.
Rxc7 Rxc7 21. Na5 {bringt dem Schwarzen nichts ein.}) 20. Rxc7 Rxc7 21. Na5
Qxh3 22. Rc1 Rxc1+ 23. Qxc1 h5 24. Qd1 g5 $17) 18... Nxf3+ 19. gxf3 Re8 20.
Rxc7 Qxc7 21. Qd4 Re5 22. Qf4 h6 23. Nd4 (23. Rc1 Rg5+ 24. Kf1 Qxf4 25. exf4
Rf5 26. Rc8+ Kh7 27. Rc7 $13) 23... Nh5 24. Qh4 $2 (24. Qh2 Rg5+ 25. Kh1 $13)
24... Rg5+ 25. Kh1 Qe7 $19 26. Nf5 Qf6 0-1

[Event "Mermaid Beach Club"]
[Site "Bermuda"]
[Date "1997.??.??"]
[Round "8"]
[White "Hodgson, Julian M"]
[Black "Waitzkin, Joshua"]
[Result "1-0"]
[WhiteElo "2560"]
[BlackElo "2440"]
[Annotator "Huebner,R"]
[PlyCount "73"]
[EventDate "1997.01.??"]
[EventType "tourn"]
[EventRounds "11"]
[EventCountry "BER"]
[EventCategory "11"]
[SourceTitle "CBM 058"]
[Source "ChessBase"]
[SourceDate "1997.06.01"]
[SourceVersion "1"]
[SourceVersionDate "1997.06.01"]
[SourceQuality "1"]

1. c4 c6 2. Nf3 d5 3. cxd5 cxd5 4. d4 Nc6 5. Nc3 Nf6 6. Bf4 a6 7. Ne5 Qb6 8.
Nxc6 bxc6 9. a3 Qxb2 10. Na4 Qb5 11. Bc7 Qb7 12. Ba5 (12. Bf4 Bf5 13. Ra2 Nd7
14. Rb2 Qc8 15. e3 e6 16. Nb6 Nxb6 17. Rxb6 Qd8 18. Qb3 Bc2 19. Qb2 Bxa3 20.
Qxa3 Qxb6 {0-1 Gretarsson,H-Schandorff,L/Copenhagen op 1994 (34). Der Textzug
ist eine deutliche Verbesserung; die Diagonale a5-e1 wird geschützt.}) 12...
Bf5 13. Nc5 Qb2 (13... Qc8 $5 {verdient Erwägung.}) 14. e3 e6 $6 (14... e5 15.
Na4 (15. Qc1 Qxc1+ 16. Rxc1 exd4 17. exd4 Bxc5 18. Rxc5 Kd7 {hätte dem
Schwarzen gegenüber der Partiefortsetzung einige Mehrtempi verschafft.}) 15...
Qc2 16. Qxc2 Bxc2 17. Nb6 Rb8 18. dxe5 Nd7 {genügt zum Ausgleich.}) 15. Qc1
Qxc1+ 16. Rxc1 Bxc5 17. Rxc5 Kd7 18. Bb4 Kc7 19. Ra5 Kb6 20. Be2 Nd7 21. Kd2 e5
22. Rc1 exd4 23. exd4 Rhe8 24. f3 Nf8 25. Rac5 Bd7 $2 ({Die Kontrolle über das
Feld b1 sollte Schwarz nicht aufgeben;} 25... Re6 {mit der Idee Sf8-d7 war
nötig.}) 26. Rb1 Kc7 27. Ba5+ Kd6 28. Rb7 Ne6 29. Rc3 Bc8 ({Hier konnte nur
noch mutige Flucht mit} 29... Ke7 {helfen:} 30. Rxc6 (30. Bb4+ Kd8 {bringt dem
Weißen nichts ein.}) 30... Nxd4 31. Bb4+ (31. Rcc7 Red8 32. Rc5 Kd6 33. Bxd8
Rxd8 34. Rc1 Nxe2 35. Kxe2 d4 {ist auch nicht ganz hoffnungslos für Schwarz.})
31... Kd8 32. Rd6 Rxe2+ 33. Kd3 Re7 34. Rxd5 Kc8 35. Bxe7 Bc6 {mit
Rettungsaussichten.}) 30. Bb4+ $18 c5 31. dxc5+ Ke5 32. Rxf7 d4 33. Rc1 Nf4 34.
Re1 Nxg2 35. f4+ Ke4 36. Bd3+ Kf3 37. Rxe8 1-0